Anno di fondazione delle squadre italiane - Quiz n°5 - Statistics

Statistiche generali
  • Questo quiz è stato fatto 23 volte
  • Il punteggio medio è 3 su 16
Statistiche sulle risposte
Hint Risposta % Corretto
Napoli 1926
71%
Roma 1927
57%
Sampdoria 1946
29%
Cittadella 1973
29%
Fiorentina 1926
19%
Sambenedettese 1923
14%
Ternana 1925
14%
Taranto 1927
14%
L'Aquila 1927
14%
Chievoverona 1929
14%
Pescara 1936
14%
Catania 1946
14%
Pistoiese 1921
10%
Catanzaro 1927
10%
Benevento 1929
10%
Cesema 1940
10%
Nessun quiz corrispondente trovato
Distribuzione punteggi
Percentuale di utenti per punteggio
Percentile per numero di risposta
I tuoi punteggi nel tempo
Non hai fatto questo quiz